Gender Justice in The Church and Society (Record no. 23191)
[ view plain ]
| 000 -LEADER | |
|---|---|
| fixed length control field | 00352nam a22001337a 4500 |
| 020 ## - INTERNATIONAL STANDARD BOOK NUMBER | |
| ISBN | 9789384964412 |
| 082 ## - DEWEY DECIMAL CLASSIFICATION NUMBER | |
| Classification number | 270.082 KOC |
| 100 ## - MAIN ENTRY--AUTHOR NAME | |
| Author name | Kochuthara, Shaji George |
| 245 ## - TITLE STATEMENT | |
| Title | Gender Justice in The Church and Society |
| 260 ## - PUBLICATION, DISTRIBUTION, ETC. (IMPRINT) | |
| Place of publication | Bangalore |
| Name of publisher | Dharmaram Publications |
| Year of publication | 2016 |
| 300 ## - PHYSICAL DESCRIPTION | |
| Number of Pages | 476 |
| 650 ## - SUBJECT ADDED ENTRY--TOPICAL TERM | |
| Topical Term | Church History-Gender Justice |
| 942 ## - ADDED ENTRY ELEMENTS (KOHA) | |
| Koha item type | Books |
| Collection code | Home library | Current library | Shelving location | Date acquired | Full call number | Accession Number | Koha item type |
|---|---|---|---|---|---|---|---|
| Non-fiction | Henry Martyn Institute Library | Henry Martyn Institute Library | General stacks | 10/25/2021 | 270.082 KOC | 11004544 | Books |
